000 00507nam a2200169Ia 4500
999 _c21138
_d21138
003 OSt
005 20200616135624.0
008 190216s9999||||xx |||||||||||||| ||und||
020 _a9788126125005
040 _coclc
082 _a305.40954
_bSHA/W
100 _aSharma, Seema
_92989
245 0 _aWomen Through The Ages /
_cSeema Sharma ; Kanta Sharma
260 _bAnmol Publications,
_aNew Delhi:
_c2006.
300 _a361p
942 _cBK
_2ddc
_h305.40954
_iSHA/W
_k305.40954
_mSHA/W